| 000 | 00381 a2200133 4500 | ||
|---|---|---|---|
| 001 | 89569 | ||
| 082 | _a372.241 JAC | ||
| 090 |
_c42224 _d42224 |
||
| 100 | _aJacques, Chris | ||
| 245 |
_aOxford Progressive English Book 5 _cChris Jacques _bPrimary level english book series |
||
| 260 |
_aKarachi _bOxford University Press _c2014 |
||
| 300 | _aiv, 128p. | ||
| 500 | _aDOS Text Book | ||
| 942 |
_aCAE NUST _k372.241 JAC |
||
| 999 |
_c324642 _d324642 |
||